000 00338 a2200169 4500
001 189996
020 _a85-06-02522-2
040 _cMagnum
100 _aZiraldo
240 1 0 _aTantas tias
_lpor
245 1 0 _aTantas tias
300 _a31
362 0 _a2003
440 1 _aMelhoramentos
697 _aLITERATURA INFANTO
942 _cBK
999 _c189996
_d189996